[Event "Hannover-ch MT"]
[Site "Hannover"]
[Date "2004.09.18"]
[Round "5"]
[White "Heiseke, Gerhard"]
[Black "Beckmann, Moritz"]
[Result "0-1"]
[WhiteElo "1440"]
[BlackElo "1349"]
[PlyCount "76"]
[EventDate "2004.09.16"]
[EventType "swiss"]
[EventRounds "7"]
[EventCountry "GER"]
[SourceTitle "EXT 2021"]
[Source "ChessBase"]
[SourceDate "2020.10.23"]
[SourceVersion "1"]
[SourceVersionDate "2020.10.23"]
[SourceQuality "1"]

1. d4 Nf6 2. Nc3 g6 3. e4 d6 4. Bc4 Bg7 5. Nf3 0-0 6. Bg5 Bg4 7. h3 Bxf3 8. Qxf3 Nbd7 9. Qe3 e5 10. 0-0-0 exd4 11. Rxd4 Qe8 12. f3 Qe5 13. Bf4 Qc5 14. Na4 Nd5 15. Rxd5 Qxc4 16. b3 Qc6 17. Rd3 Nb6 18. Nc3 Nd7 19. g4 Nc5 20. Rd5 Ne6 21. Ne2 Nxf4 22. Qxf4 Qa6 23. Nd4 Qxa2 24. Kd2 Be5 25. Qe3 c6 26. Rxe5 dxe5 27. Ne2 Rad8+ 28. Kc3 Rd7 29. f4 Rfd8 30. fxe5 Qa5+ 31. Kb2 Qxe5+ 32. Nc3 b5 33. Kb1 b4 34. Ne2 Rd1+ 35. Rxd1 Rxd1+ 36. Nc1 c5 37. Ka2 Qc3 38. Qe2 Rxc1 0-1

[Event "Hannover-ch MT"]
[Site "Hannover"]
[Date "2004.09.16"]
[Round "1"]
[White "Beckmann, Moritz"]
[Black "Zakidyshev, Gennadiy"]
[Result "0-1"]
[WhiteElo "1349"]
[BlackElo "1827"]
[PlyCount "60"]
[EventDate "2004.09.16"]
[EventType "swiss"]
[EventRounds "7"]
[EventCountry "GER"]
[SourceTitle "EXT 2021"]
[Source "ChessBase"]
[SourceDate "2020.10.23"]
[SourceVersion "1"]
[SourceVersionDate "2020.10.23"]
[SourceQuality "1"]

1. d4 Nf6 2. c4 e6 3. Nc3 Bb4 4. a3 Bxc3+ 5. bxc3 c6 6. Nf3 d6 7. e3 0-0 8. Be2 Nbd7 9. 0-0 e5 10. Qc2 Qc7 11. a4 Re8 12. Re1 Nf8 13. c5 dxc5 14. Nxe5 Ng6 15. Nxg6 hxg6 16. Bd3 Ng4 17. g3 Qa5 18. Bb2 Be6 19. f4 c4 20. Be2 Nxe3 21. Qd2 Bh3 22. Bf3 Nf5 23. g4 Nh6 24. Qf2 Bxg4 25. Bxg4 Nxg4 26. Qf3 Qh5 27. Qg3 Nf6 28. Rf1 Re2 29. Ba3 Ne4 30. Qf3 Qxh2# 0-1